• Pinchi (Pinci) (Perotti Pino)

di Personal Name

Records bibliografici associati: 1

001 - CONTROL NUMBER

  • control field: 6074

003 - CONTROL NUMBER IDENTIFIER

  • control field: IT-RoPau

005 - DATE AND TIME OF LATEST TRANSACTION

  • control field: 20131218215907.0

008 - FIXED-LENGTH DATA ELEMENTS

  • fixed length control field: 131218|| aca||aabn | a|a d

040 ## - CATALOGING SOURCE

  • Original cataloging agency: IT-RoPau
  • Transcribing agency: IT-RoPau

100 ## - HEADING--PERSONAL NAME

  • Personal name: Pinchi (Pinci) (Perotti Pino)
  • Dates associated with a name: Codice autore musica SPICS: 13615
  • Relator term: Autore musica
  • Name of part/section of a work: Canzone da due soldi

670 ## - SOURCE DATA FOUND

  • Source citation: Work cat.: (IT-RoPau)99900: AA.VV. 794, Canzoniere 50-Quei favolosi anni del "boom" (Lp Ski 5067)
CREDITS: SOCIETA' SAN PAOLO Via A.Severo, 58 - ROMA (RM) & PERIODICI SAN PAOLO SRL Via Giotto, 36 MILANO & CISF Via Giotto, 36 MILANO & EDIZIONI SAN PAOLO SRL,  Piazza Soncino, 5 CINISELLO BALSAMO (MI) -- ITALY